| 000 | 01062nam a2200301Ia 4500 | ||
|---|---|---|---|
| 001 | Para_9322 | ||
| 003 | CHAP | ||
| 008 | 220125s2007 xx 000 0 und d | ||
| 010 | _a206673 | ||
| 040 | _cCHAP | ||
| 090 | _aPA TESIS 2077 | ||
| 100 |
_aPadilla Cruz, Erick Enrique _984645 |
||
| 245 |
_aCalidad de Chrysopa (Chrysoperla carnea) producida en el Centro Regional Reproductor de Organismos Benéficos de Calera de Victor Rosales, Zac. / _c por Erick Enrique Padilla Cruz |
||
| 260 |
_aChapingo, Méx. : _b el autor |
||
| 300 | _a61 h. | ||
| 502 | _aTesis (Ing. Agr. Esp. en Parasitología Agrícola) -- UACh. Departamento Parasitología Agrícola | ||
| 650 |
_aChrysopa _922954 |
||
| 650 |
_aControl biológico de insectos _927582 |
||
| 650 |
_aInsectos _x reproducción _958940 |
||
| 710 |
_aUACh. Departamento Parasitología Agrícola _9164025 |
||
| 901 | _aPA TESIS 2077 | ||
| 902 | _aM | ||
| 905 | _a0000002007 an 0000000000 00 | ||
| 910 | _a2007 | ||
| 942 | _cPARA | ||
| 942 |
_cPARA _d2 |
||
| 999 |
_c206673 _d206673 |
||